000 00659nam a2200241Ia 4500
003 GCL
008 140319s9999 xx 000 0 eng d
040 _aGCL /
_cGCL
082 0 4 _a953
_bH C
100 1 _aLAMBTON, ANN K. S.
245 1 0 _aTHE CAMBRIDGE HISTORY OF ISLAM, VOLUMES 1A, 2A, 1B, 2B, /
_cLAMBTON, ANN K. S.
700 1 _aHOLT, P. M.
700 1 _aLEWIS, BERNARD
260 _a[S.N] :
_bCOMBRIDGE UNIVERSITY PRESS ،
_c1970
300 _aVOL
490 _aTHE COMBRIDGE HISTORY OF ISLAM
_v0
650 0 4 _aنجد
650 0 4 _aحوادث المرور
650 0 4 _aASIA
650 0 4 _aAFRICA
650 0 4 _aISLAMIC LAND
942 _2ddc
_cBK
999 _c20659
_d20659